[Event "Havana Provincial-ch final"]
[Site "Havana"]
[Date "2009.11.02"]
[Round "14"]
[White "Figueredo Losada, Leonel"]
[Black "Martinez Cabrera, Pastor"]
[Result "1-0"]
[WhiteElo "2420"]
[BlackElo "2139"]
[PlyCount "53"]
[EventDate "2009.10.16"]
[EventType "tourn"]
[EventRounds "17"]
[EventCountry "CUB"]
[SourceTitle "CBM 133 Extra"]
[Source "ChessBase"]
[SourceDate "2010.01.05"]
[SourceVersion "1"]
[SourceVersionDate "2010.01.05"]
[SourceQuality "1"]

1. e4 c5 2. Nf3 d6 3. d4 cxd4 4. Nxd4 Nf6 5. Nc3 Nc6 6. f4 Qb6 7. Nb3 e6 8. Qf3 a6 9. Be3 Qc7 10. 0-0-0 Be7 11. g4 Rb8 12. Kb1 b5 13. Bd3 b4 14. Ne2 a5 15. Nbd4 Nd7 16. Ng3 Nc5 17. Nb5 Qb6 18. Be2 Na7 19. Nxa7 Qxa7 20. Bd4 0-0 21. Nh5 f6 22. g5 e5 23. Bc4+ Kh8 24. gxf6 Bxf6 25. fxe5 dxe5 26. Bxe5 Ra8 27. Bxf6 1-0

[Event "Havana Provincial-ch final"]
[Site "Havana"]
[Date "2009.10.30"]
[Round "12"]
[White "Fernandez Cardoso, Alexey"]
[Black "Martinez Cabrera, Pastor"]
[Result "1-0"]
[WhiteElo "2419"]
[BlackElo "2139"]
[PlyCount "59"]
[EventDate "2009.10.16"]
[EventType "tourn"]
[EventRounds "17"]
[EventCountry "CUB"]
[SourceTitle "CBM 133 Extra"]
[Source "ChessBase"]
[SourceDate "2010.01.05"]
[SourceVersion "1"]
[SourceVersionDate "2010.01.05"]
[SourceQuality "1"]

1. e4 e5 2. Nf3 Nf6 3. Nxe5 d6 4. Nf3 Nxe4 5. d4 d5 6. Bd3 Bd6 7. 0-0 0-0 8. c4 c6 9. cxd5 cxd5 10. Nc3 Nxc3 11. bxc3 Bg4 12. Rb1 Nd7 13. h3 Bh5 14. Rb5 Nb6 15. c4 Bxf3 16. Qxf3 dxc4 17. Bc2 Qd7 18. a4 g6 19. Bh6 Rfe8 20. Rfb1 Rab8 21. h4 Qc6 22. d5 Qc7 23. Be3 Qe7 24. g3 Nc8 25. Re1 Qd7 26. h5 a6 27. Rbb1 b5 28. Bd4 f5 29. hxg6 hxg6 30. Qh1 1-0

[Event "Havana Provincial-ch final"]
[Site "Havana"]
[Date "2009.10.21"]
[Round "4"]
[White "Aguero Jimenez, Luis Lazaro"]
[Black "Martinez Cabrera, Pastor"]
[Result "1/2-1/2"]
[WhiteElo "2400"]
[BlackElo "2139"]
[PlyCount "62"]
[EventDate "2009.10.16"]
[EventType "tourn"]
[EventRounds "17"]
[EventCountry "CUB"]
[SourceTitle "CBM 133 Extra"]
[Source "ChessBase"]
[SourceDate "2010.01.05"]
[SourceVersion "1"]
[SourceVersionDate "2010.01.05"]
[SourceQuality "1"]

1. Nf3 Nf6 2. g3 b6 3. Bg2 Bb7 4. 0-0 g6 5. d3 Bg7 6. e4 d6 7. Nc3 0-0 8. Nh4 e5 9. f4 Nc6 10. f5 Nd4 11. Bg5 h6 12. Bxf6 Bxf6 13. fxg6 Bxh4 14. gxf7+ Rxf7 15. Rxf7 Kxf7 16. Qh5+ Kg7 17. gxh4 Qf6 18. Ne2 Nxe2+ 19. Qxe2 Qxh4 20. Rf1 Rf8 21. Rxf8 Kxf8 22. Qf2+ Qxf2+ 23. Kxf2 Bc8 24. Kg3 Be6 25. b3 Kg7 26. Bh3 Bf7 27. Kh4 a5 28. Bd7 c5 29. Kg4 Kf6 30. c4 Bg6 31. h4 Bf7 1/2-1/2